000 01396nam a2200349Ia 4500
001 ebr10110774
003 CaPaEBR
006 m u
007 cr cn|||||||||
008 020712s2002 wiu s 001 0 eng d
020 _z1930919263 (eBook)
040 _aCaPaEBR
_cCaPaEBR
035 _a(OCoLC)70070212
050 1 4 _aHF5719
_b.P68 2002eb
082 0 4 _a651.7/8/028557585
_221
100 1 _aPountney, Cathy.
245 1 4 _aThe Visual FoxPro Report Writer
_h[electronic resource] :
_bpushing it to the limit and beyond /
_cby Cathy Pountney.
260 _aWhitefish Bay, Wis. :
_bHentzenwerke Publishing,
_cc2002.
300 _axxii, 298 p.
500 _aTitle from title screen.
500 _aIncludes link to companion web site.
500 _aIncludes index.
533 _aElectronic reproduction.
_bPalo Alto, Calif. :
_cebrary,
_d2009.
_nAvailable via World Wide Web.
_nAccess may be limited to ebrary affiliated libraries.
630 0 0 _aVisual FoxPro for Windows.
650 0 _aApplication software
_xDevelopment.
650 0 _aDatabase management
_xComputer programs.
650 0 _aBusiness report writing
_xComputer programs.
650 0 _aDatabase management.
655 7 _aElectronic books.
_2local
710 2 _aebrary, Inc.
856 4 0 _uhttp://site.ebrary.com/lib/rucke/Doc?id=10110774
_zAn electronic book accessible through the World Wide Web; click to view
999 _c211902
_d211902